banner-ar

البحث العلمى واستخدام مصادر المعلومات التقليدية والالكترونية / (Record no. 64454)

MARC details
000 -الفاتح
حقل البيانات ثابتة الطول 00910nam a22002177a 4500
005 - وقت وتاريخ اخر تعامل مع التسجيلة
رقم الضبط 20240530110732.0
008 - عناصر البيانات ثابتة الطول - معلومات عامة
حقل البيانات ثابتة الطول 180514s2007 jo a g b 000 0 ara d
017 ## - رقم الايداع القانونى
المصدر ( الهيئة المختصة) مصر. دار الكتب
040 ## - مصدر الفهرسة
وكالة الفهرسة الأصلية EG-CaGPL
وكالة النسخ EG-CaGPL
082 04 - رقم تصنيف ديوى العشرى
رقم الطبعة 21
رقم التصنيف 001.42 /
رقم المادة ع ب
100 0# - المدخل الرئيسى - إسم شخصى
الإسم الشخصى عامر قنديلجى
245 12 - بيان العنوان
العنوان البحث العلمى واستخدام مصادر المعلومات التقليدية والالكترونية /
بيان المسئوليه,etc عامر قنديلجى
260 ## - PUBLICATION, DISTRIBUTION, ETC. (IMPRINT)
تاريخ النشر أو التوزيع 2007.
300 ## - الوصف المادى
التعداد 390 ص. :
تفاصيل ماديه اخرى للوعاء جدال ؛
أبعاد الوعاء 24 سم.
504 ## - تبصرة ببليوجرافية
تبصرة ببليوجرافية,الخ يشتمل على ارجاعات ببليوجرافية
650 07 - المدخل الاضافى بالموضوع-مصطلح موضوعى
مصدر الرأس أو المصطلح qrmak
مصطلح موضوعي المعلومات، علم
التقسيم الفرعي الشكلي طرق البحث
651 ## - المدخل الاضافى بالموضوع - اسم جغرافى
مصدر الرأس أو المصطلح qrmak
653 #0 - مصطلح تكشيفى غير مقيد
مصطلح غير مقيد مصادر المعلومات - طرق البحث
942 ## - عناصر المدخل الإضافي( كوها)
مصدر التصنيف او مخطط الترفيف Dewey Decimal Classification
Koha [default] item type كتاب
260 ## - PUBLICATION, DISTRIBUTION, ETC. (IMPRINT)
-- عمان :
-- دار اليازورى العلمية للنشر والتوزيع ،
Holdings
حالة التراجع حالة الفقد حالة تلف ليس للاعارة المكان المؤقت الموقع الحالى موقع الترفيف تاريخ الاكتساب اجمالي اﻻعارات رقم الطلب الباركود تاريخ اخر مشاهدة تاريخ تفعيل السعر نوع وعاء كوها
        مكتبة القاهرة الكبرى مكتبة القاهرة الكبرى القاعة الرئيسية 05/14/2018   001.42 / ع ب 164766 05/14/2018 05/14/2018 كتاب

Powered By

EGPV